Catalog

Record Details

Catalog Search



Facing the unfinished task  Cover Image Book Book

Facing the unfinished task / messages delivered at the congress on World missions ; edited by Mary Bennett

Percy, John O. (Author).

Record details

  • Physical Description: 281 s.
  • Edition: 1st ed.
  • Publisher: Grand Rapids, Michigan Zondervan Publishing House 1961

Available copies

  • 1 of 1 copy available at Common Catalog SPOK.

Holds

  • 0 current holds with 1 total copy.
Show All Copies
Location Call Number / Copy Notes Barcode Shelving Location Status Due Date
ETS Library 266 424470001429 Volný výběr Available -

LDR 00728nam a2 00229
00141375
003CZ-PrJAB
00520030324000000.0
008030324s1961 xxu e |||| |eng
009us
035 . ‡a(CONS)2749
035 . ‡aKPS1707
041 . ‡aeng
08214. ‡a266
100 . ‡7376 ‡aPercy, John O.
245 . ‡aFacing the unfinished task / ‡cmessages delivered at the congress on World missions ; edited by Mary Bennett
250 . ‡a1st ed.
260 . ‡aGrand Rapids, Michigan ‡bZondervan Publishing House ‡c1961
300 . ‡a281 s.
653 . ‡aFacing the unfinished task ‡amessages delivered at the congress on World missions
8524 . ‡bETS ‡bETS ‡cVolný výběr ‡j266 ‡gA ‡p424470001429
910 . ‡aABG450
999 . ‡a2749 ‡bAUTOGEN ‡c2749 ‡tbiblio
905 . ‡uadmin
901 . ‡a41375 ‡b ‡c41375 ‡tbiblio ‡sets

Additional Resources